Sports Quiz

Random Sports or Baseball Quiz

New York Mets MVP Votes (Since 1990) Quiz Stats

 Plays Quiz not verified by Sporcle

Score 0/44 Timer 05:00
2 Plays Today
Year Player % Correct
2005David Wright
97.7%
2006David Wright
97.7%
2007David Wright
97.7%
2008David Wright
97.7%
2010David Wright
97.7%
2012David Wright
97.7%
1998*Mike Piazza
94%
1999Mike Piazza
94%
2000Mike Piazza
94%
2001Mike Piazza
94%
2018Jacob deGrom
91.3%
2005Jose Reyes
89.1%
2006Jose Reyes
89.1%
2007Jose Reyes
89.1%
2008Jose Reyes
89.1%
2011Jose Reyes
89.1%
2006Carlos Beltran
85.1%
2007Carlos Beltran
85.1%
2008Carlos Beltran
85.1%
1990Darryl Strawberry
84.2%
2015Yoenis Cespedes
80.1%
2016Yoenis Cespedes
79.7%
Year Player % Correct
2006Carlos Delgado
79%
2008Carlos Delgado
79%
2016Noah Syndergaard
74.2%
1990Dwight Gooden
72.3%
1991Howard Johnson
67.9%
1996Lance Johnson
67.8%
2008Johan Santana
66.2%
2015Curtis Granderson
59.3%
2014Lucas Duda
57%
1997Edgardo Alfonzo
55.8%
1999Edgardo Alfonzo
55.8%
2000Edgardo Alfonzo
55.8%
2012R.A. Dickey
55.2%
1999Robin Ventura
51.3%
1998John Olerud
49.2%
2016Jeurys Familia
47.7%
1996Todd Hundley
47.4%
1994John Franco
39.8%
1996Bernard Gilkey
30.3%
2005Cliff Floyd
29.8%
1994Bret Saberhagen
22.3%
1990Dave Magadan
13.9%

You're not logged in!

Compare scores with friends on all Sporcle quizzes.
OR
Log In

You Might Also Like...

Show Comments

Extras

Top Quizzes Today


Score Distribution

Your Account Isn't Verified!

In order to create a playlist on Sporcle, you need to verify the email address you used during registration. Go to your Sporcle Settings to finish the process.

Report this User

Report this user for behavior that violates our Community Guidelines.

Details: